|
|
|
|
| LEADER |
00000cas a2200000 a 4500 |
| 001 |
vtls010322350 |
| 003 |
SK-MaSNL |
| 005 |
20260228163846.0 |
| 008 |
111104c20119999xo br pe 0 0slo |
| 022 |
|
|
|a 1338-9254
|
| 040 |
|
|
|a SNK
|b slo
|c SNK
|e AACR2
|
| 041 |
0 |
|
|a slo
|
| 044 |
|
|
|a xo
|c SK
|
| 072 |
|
7 |
|a 338.3/.4
|x Hospodárske a výrobné odvetvia
|2 konspekt
|
| 080 |
|
|
|a 338.45
|2 2011
|
| 080 |
|
|
|a 050
|2 2011
|
| 080 |
|
|
|a (051)-027.561
|2 2011
|
| 210 |
0 |
|
|a Priem. dnes
|
| 222 |
|
0 |
|a Priemysel dnes
|
| 245 |
0 |
0 |
|a Priemysel Dnes
|
| 246 |
1 |
1 |
|a Průmysl Dnes
|
| 260 |
|
|
|a Rimavská Sobota
|b Business Media
|c 2011-
|
| 260 |
3 |
|
|3 6/2013-
|a Bratislava
|b Business Media, spol. s r.o.
|
| 300 |
|
|
|a zv.
|c 30 cm
|
| 310 |
|
|
|a 6x ročne
|
| 362 |
0 |
|
|a Máj-Jún (2011)-
|
| 500 |
|
|
|a Šéfredaktorka: 2011-1/2016, Lucia Balogová ; 2/2016-2/2020, Monika Majerová ; 3/2020- , Lucia Hlozek
|
| 500 |
|
|
|a Registračné číslo: MK SR EV 4360/11
|
| 515 |
|
|
|a Niektoré čísla vychádzajú ako dvojčíslo
|
| 650 |
0 |
7 |
|a priemysel
|2 SNKPH
|9 1618
|
| 650 |
0 |
7 |
|a priemyselná výroba
|2 SNKPH
|9 72943
|
| 655 |
|
7 |
|a odborné časopisy
|2 SNKPH
|9 70505
|
| 700 |
1 |
|
|a Balogová, Lucia
|4 pbd
|9 274829
|
| 700 |
1 |
|
|a Majerová, Monika
|4 pbd
|9 274830
|
| 700 |
1 |
|
|a Hlozek, Lucia
|4 pbd
|9 274831
|
| 856 |
4 |
1 |
|u www.priemyseldnes.sk
|
| 910 |
|
|
|a snk
|
| 916 |
|
|
|a 2011-2016, 2017-2018, 2019, 2020
|
| 999 |
|
|
|c 11079
|d 13009
|
| 952 |
|
|
|0 0
|1 0
|4 0
|7 0
|8 0
|a SNK
|b SNK
|d 2021-06-30
|f 1
|i snk2021/7818
|l 0
|o snkČSB 6450/10/2020/1
|p 17A1435006
|r 2026-02-21 19:29:33
|t č. 1-3
|w 2026-02-21
|y PREZ
|
| 952 |
|
|
|0 0
|1 0
|4 0
|7 0
|8 0
|a SNK
|b SNK
|d 2021-06-30
|f 1
|i snk2021/7821
|l 0
|o snkČSB 6450/10/2020/2
|p 17A1435007
|r 2026-02-21 19:29:33
|t č. 4-6
|w 2026-02-21
|y PREZ
|
| 952 |
|
|
|0 0
|1 0
|4 0
|7 0
|8 0
|a SNK
|b SNK
|d 2019-05-23
|f 1
|i snk2019/14178
|l 0
|o snkČSB 6450/7/2017/2
|p 17A1367692
|r 2026-02-21 19:32:29
|t č. 4-6
|w 2026-02-21
|y PREZ
|
| 952 |
|
|
|0 0
|1 0
|4 0
|7 0
|8 0
|a SNK
|b SNK
|d 2019-05-23
|f 1
|i snk2019/14179
|l 0
|o snkČSB 6450/8/2018/1
|p 17A1367693
|r 2026-02-21 19:32:29
|t č. 1-3
|w 2026-02-21
|y PREZ
|
| 952 |
|
|
|0 0
|1 0
|4 0
|7 0
|8 0
|a SNK
|b SNK
|d 2019-05-23
|f 1
|i snk2019/14181
|l 0
|o snkČSB 6450/8/2018/2
|p 17A1367694
|r 2026-02-21 19:32:29
|t č. 4-6
|w 2026-02-21
|y PREZ
|
| 952 |
|
|
|0 0
|1 0
|4 0
|7 0
|8 0
|a SNK
|b SNK
|d 2019-05-23
|i snk2019/14187
|l 0
|o snkČSB 6450/8/2018/1 D1
|p 17A1367697
|r 2026-02-21 19:32:29
|t č. 1-3
|w 2026-02-21
|y PREZ
|
| 952 |
|
|
|0 0
|1 0
|4 0
|7 0
|8 0
|a SNK
|b SNK
|d 2019-05-23
|i snk2019/14184
|l 0
|o snkČSB 6450/7/2017/1 D1
|p 17A1367695
|r 2026-02-21 19:33:36
|t č. 1-3
|w 2026-02-21
|y PREZ
|
| 952 |
|
|
|0 0
|1 0
|4 0
|7 0
|8 0
|a SNK
|b SNK
|d 2019-05-23
|i snk2019/14185
|l 0
|o snkČSB 6450/7/2017/2 D1
|p 17A1367696
|r 2026-02-21 19:33:36
|t č. 4-6
|w 2026-02-21
|y PREZ
|
| 952 |
|
|
|0 0
|1 0
|4 0
|7 0
|8 0
|a SNK
|b SNK
|d 2025-05-14
|i snk2025/7662
|l 0
|o snkČSB 6450/12/2022/2
|p 17A1556836
|r 2026-02-21 19:51:55
|t č. 4-7
|w 2026-02-21
|y PREZ
|
| 952 |
|
|
|0 0
|1 0
|4 0
|7 0
|8 0
|a SNK
|b SNK
|d 2025-05-14
|i snk2025/7669
|l 0
|o snkČSB 6450/12/2022/D1
|p 17A1556837
|r 2026-02-21 19:51:55
|t len č. 4-7, neúplné
|w 2026-02-21
|y PREZ
|z Chýba č. 1-3
|
| 952 |
|
|
|0 0
|1 0
|4 0
|7 0
|8 0
|a SNK
|b SNK
|d 2025-05-14
|i snk2025/7671
|l 0
|o snkČSB 6450/13/2023/1
|p 17A1556838
|r 2026-02-21 19:51:55
|t č. 1-3
|w 2026-02-21
|y PREZ
|
| 952 |
|
|
|0 0
|1 0
|4 0
|7 0
|8 0
|a SNK
|b SNK
|d 2025-05-14
|i snk2025/7674
|l 0
|o snkČSB 6450/13/2023/2
|p 17A1556839
|r 2026-02-21 19:51:55
|t č. 4-7
|w 2026-02-21
|y PREZ
|
| 952 |
|
|
|0 0
|1 0
|4 0
|7 0
|8 0
|a SNK
|b SNK
|d 2025-05-14
|i snk2025/7678
|l 0
|o snkČSB 6450/13/2023/1 D1
|p 17A1556840
|r 2026-02-21 19:51:55
|t č. 1-3
|w 2026-02-21
|y PREZ
|
| 952 |
|
|
|0 0
|1 0
|4 0
|7 0
|8 0
|a SNK
|b SNK
|d 2025-05-14
|i snk2025/7680
|l 0
|o snkČSB 6450/13/2023/2 D1
|p 17A1556841
|r 2026-02-21 19:51:55
|t č. 4-7
|w 2026-02-21
|y PREZ
|
| 952 |
|
|
|0 0
|1 0
|4 0
|7 0
|8 0
|a SNK
|b SNK
|d 2025-05-14
|i snk2025/7681
|l 0
|o snkČSB 6450/14/2024/1
|p 17A1556842
|r 2026-02-21 19:51:55
|t č. 1-3
|w 2026-02-21
|y PREZ
|
| 952 |
|
|
|0 0
|1 0
|4 0
|7 0
|8 0
|a SNK
|b SNK
|d 2025-05-14
|i snk2025/7682
|l 0
|o snkČSB 6450/14/2024/2
|p 17A1556843
|r 2026-02-21 19:51:55
|t č. 4-7
|w 2026-02-21
|y PREZ
|
| 952 |
|
|
|0 0
|1 0
|4 0
|7 0
|8 0
|a SNK
|b SNK
|d 2025-05-14
|i snk2025/7630
|l 0
|o snkČSB 6450/12/2022/1
|p 17A1556835
|r 2026-02-21 19:57:43
|t č. 1-3
|w 2026-02-21
|y PREZ
|
| 952 |
|
|
|0 0
|1 0
|4 0
|7 0
|8 0
|a SNK
|b SNK
|d 2022-09-07
|f 1
|i snk2022/13545
|l 0
|o snkČSB 6450/11/2021/1
|p 17A1463705
|r 2026-02-21 20:01:51
|t č. 1-3
|w 2026-02-21
|y PREZ
|
| 952 |
|
|
|0 0
|1 0
|4 0
|7 0
|8 0
|a SNK
|b SNK
|d 2022-09-07
|f 1
|i snk2022/13546
|l 0
|o snkČSB 6450/11/2021/2
|p 17A1463706
|r 2026-02-21 20:01:52
|t č. 4-7
|w 2026-02-21
|y PREZ
|
| 952 |
|
|
|0 0
|1 0
|4 0
|7 0
|8 0
|a SNK
|b SNK
|d 2022-07-12
|i snk2022/11127
|l 0
|o snkČSB 6450/9/2019/1 D1
|p 17A1463339
|r 2026-02-21 20:02:42
|t č. 1-3
|w 2026-02-21
|y PREZ
|
| 952 |
|
|
|0 0
|1 0
|4 0
|7 0
|8 0
|a SNK
|b SNK
|d 2022-07-12
|i snk2022/11128
|l 0
|o snkČSB 6450/9/2019/2 D1
|p 17A1463340
|r 2026-02-21 20:02:42
|t č. 4-6
|w 2026-02-21
|y PREZ
|
| 952 |
|
|
|0 0
|1 0
|4 0
|7 0
|8 0
|a SNK
|b SNK
|d 2022-07-12
|i snk2022/11129
|l 0
|o snkČSB 6450/10/2020/1 D1
|p 17A1463341
|r 2026-02-21 20:02:42
|t č. 1-3
|w 2026-02-21
|y PREZ
|
| 952 |
|
|
|0 0
|1 0
|4 0
|7 0
|8 0
|a SNK
|b SNK
|d 2022-07-12
|i snk2022/11130
|l 0
|o snkČSB 6450/10/2020/2 D1
|p 17A1463342
|r 2026-02-21 20:02:42
|t č. 4-6
|w 2026-02-21
|y PREZ
|
| 952 |
|
|
|0 0
|1 0
|4 0
|7 0
|8 0
|a SNK
|b SNK
|d 2022-10-25
|i snk2022/16211
|l 0
|o snkČSB 6450/11/2021/1 D1
|p 17A1464299
|r 2026-02-21 20:11:45
|t č. 1-3
|w 2026-02-21
|y PREZ
|
| 952 |
|
|
|0 0
|1 0
|4 0
|7 0
|8 0
|a SNK
|b SNK
|d 2022-10-25
|i snk2022/16213
|l 0
|o snkČSB 6450/11/2021/2 D1
|p 17A1464300
|r 2026-02-21 20:11:45
|t č. 4-7
|w 2026-02-21
|y PREZ
|
| 952 |
|
|
|0 0
|1 0
|4 0
|7 0
|8 0
|a SNK
|b SNK
|d 2019-05-23
|i snk2019/14188
|l 0
|o snkČSB 6450/8/2018/2 D1
|p 17A1367698
|r 2026-02-21 20:31:56
|t č. 4-6
|w 2026-02-21
|y PREZ
|
| 952 |
|
|
|0 0
|1 0
|4 0
|7 0
|8 0
|a SNK
|b SNK
|d 2019-05-23
|f 1
|i snk2019/14177
|l 0
|o snkČSB 6450/7/2017/1
|p 17A1367691
|r 2026-02-21 21:35:03
|t č. 1-3
|w 2026-02-21
|y PREZ
|
| 952 |
|
|
|0 0
|1 0
|4 0
|7 0
|8 0
|a SNK
|b SNK
|d 2020-10-29
|f 1
|i snk2020/20128
|l 0
|o snkČSB 6450/9/2019/1
|p 17A1432911
|r 2026-02-21 22:23:33
|t č. 1-3
|w 2026-02-21
|y PREZ
|
| 952 |
|
|
|0 0
|1 0
|4 0
|7 0
|8 0
|a SNK
|b SNK
|d 2020-10-29
|f 1
|i snk2020/20131
|l 0
|o snkČSB 6450/9/2019/2
|p 17A1432910
|r 2026-02-21 22:23:33
|t č. 4-6
|w 2026-02-21
|y PREZ
|
| 952 |
|
|
|0 0
|1 0
|4 0
|7 0
|8 0
|a SNK
|b SNK
|d 2017-06-27
|i snk2017/14974
|l 0
|o snkČSB 6450/2011 D1
|p 17A1207899
|r 2026-02-21 22:24:58
|t č. máj-okt.
|w 2026-02-21
|y PREZ
|
| 952 |
|
|
|0 0
|1 0
|4 0
|7 0
|8 0
|a SNK
|b SNK
|d 2017-06-27
|i snk2017/14975
|l 0
|o snkČSB 6450/2012 D1
|p 17A1207900
|r 2026-02-21 22:24:58
|t č. 1-6
|w 2026-02-21
|y PREZ
|
| 952 |
|
|
|0 0
|1 0
|4 0
|7 0
|8 0
|a SNK
|b SNK
|d 2017-06-27
|i snk2017/14976
|l 0
|o snkČSB 6450/3/2013 D1
|p 17A1207901
|r 2026-02-21 22:24:58
|t č. 1-6
|w 2026-02-21
|y PREZ
|
| 952 |
|
|
|0 0
|1 0
|4 0
|7 0
|8 0
|a SNK
|b SNK
|d 2017-06-27
|i snk2017/14977
|l 0
|o snkČSB 6450/4/2014 D1
|p 17A1207902
|r 2026-02-21 22:24:58
|t č. 1-6
|w 2026-02-21
|y PREZ
|
| 952 |
|
|
|0 0
|1 0
|4 0
|7 0
|8 0
|a SNK
|b SNK
|d 2017-06-27
|i snk2017/14978
|l 0
|o snkČSB 6450/5/2015 D1
|p 17A1207903
|r 2026-02-21 22:24:58
|t č. 1-6
|w 2026-02-21
|y PREZ
|
| 952 |
|
|
|0 0
|1 0
|4 0
|7 0
|8 0
|a SNK
|b SNK
|d 2017-06-27
|i snk2017/14979
|l 0
|o snkČSB 6450/6/2016 D1
|p 17A1207904
|r 2026-02-21 22:24:58
|t č. 1-6
|w 2026-02-21
|y PREZ
|
| 952 |
|
|
|0 0
|1 0
|4 0
|7 0
|8 0
|a SNK
|b SNK
|d 2017-06-27
|f 1
|i snk2017/14918
|l 0
|o snkČSB 6450/2011
|p 17A1207893
|r 2026-02-21 22:25:07
|t č. máj-okt.
|w 2026-02-21
|y PREZ
|
| 952 |
|
|
|0 0
|1 0
|4 0
|7 0
|8 0
|a SNK
|b SNK
|d 2017-06-27
|f 1
|i snk2017/14919
|l 0
|o snkČSB 6450/2012
|p 17A1207894
|r 2026-02-21 22:25:07
|t č. 1-6
|w 2026-02-21
|y PREZ
|
| 952 |
|
|
|0 0
|1 0
|4 0
|7 0
|8 0
|a SNK
|b SNK
|d 2017-06-27
|f 1
|i snk2017/14926
|l 0
|o snkČSB 6450/3/2013
|p 17A1207895
|r 2026-02-21 22:25:07
|t č. 1-6
|w 2026-02-21
|y PREZ
|
| 952 |
|
|
|0 0
|1 0
|4 0
|7 0
|8 0
|a SNK
|b SNK
|d 2017-06-27
|f 1
|i snk2017/14927
|l 0
|o snkČSB 6450/4/2014
|p 17A1207896
|r 2026-02-21 22:25:07
|t č. 1-6
|w 2026-02-21
|y PREZ
|
| 952 |
|
|
|0 0
|1 0
|4 0
|7 0
|8 0
|a SNK
|b SNK
|d 2017-06-27
|f 1
|i snk2017/14929
|l 0
|o snkČSB 6450/5/2015
|p 17A1207897
|r 2026-02-21 22:25:07
|t č. 1-6
|w 2026-02-21
|y PREZ
|
| 952 |
|
|
|0 0
|1 0
|4 0
|7 0
|8 0
|a SNK
|b SNK
|d 2017-06-27
|f 1
|i snk2017/14930
|l 0
|o snkČSB 6450/6/2016
|p 17A1207898
|r 2026-02-21 22:25:07
|t č. 1-6
|w 2026-02-21
|y PREZ
|